00413pab a2200145 454500008004000000100001900040245009900059260000900158300001400167362000800181650002200189650001300211700001800224773002500242180718b1997 xxu||||| |||| 00| 0 eng d aHayase, Yasuko aFactors on polygamy in Sub-Saharan Africa: findings based on the demographic and health survey c1997 ap.293-327 aSep aMarriage - Africa aMarriage aLiaw, Kao-Lee aDeveloping Economies